| 000 | 01344nac a22003131u 4500 | ||
|---|---|---|---|
| 999 |
_c3373 _d3373 |
||
| 003 | EG-ScBUE | ||
| 005 | 20201102101349.0 | ||
| 008 | 200219s2006 mau f b 001 0 eng d | ||
| 020 | _a9781405120876 (pbk. : alk. paper) | ||
| 020 | _a1405120878 (pbk. : alk. paper) | ||
| 040 |
_aEG-ScBUE _beng _erda _cEG-ScBUE _dEG-ScBUE |
||
| 082 | 0 | 4 |
_a812.5409 _bKRA _222 |
| 100 | 1 |
_aKrasner, David, _eauthor. |
|
| 245 | 1 | 0 |
_aAmerican drama 1945-2000 : _ban introduction / _cDavid Krasner. |
| 264 | 1 |
_aMalden, MA : _bBlackwell Publishing, _c[2006] |
|
| 264 | 4 | _cc2006 | |
| 300 |
_avii, 216 pages : _c24 cm |
||
| 336 |
_2rdacontent _atext _btxt |
||
| 337 |
_2rdamedia _aunmediated _bn |
||
| 338 |
_2rdacarrier _avolume _bnc |
||
| 504 | _aIncludes bibliographical references and index. | ||
| 505 | 0 | _aPolitics, existentialism, and American drama, 1935-1945 -- Money is life : American drama, 1945-1959 -- Reality and illusion : American drama, 1960-1975 -- Mad as hell : American drama, 1976-1989 -- The body in pain : American drama, 1990-2000. | |
| 650 | 7 |
_aAmerican drama _y20th century _xHistory and criticism. _2BUEsh |
|
| 651 | _2BUEsh | ||
| 653 |
_bHHUUEENN _cNovember2020 |
||
| 655 |
_vReading book _934232 |
||
| 856 | 4 | 1 |
_3Table of contents only _uhttp://www.loc.gov/catdir/toc/ecip062/2005030632.html |
| 942 |
_cBB _k812.5409K8645 _2ddc |
||